<?xml version="1.0" encoding="UTF-8"?><marc:collection xmlns:marc="http://www.loc.gov/MARC21/slim">
  <marc:record>
    <marc:leader>00000nam##2200000za#4500</marc:leader>
    <marc:controlfield tag="001">9.683276</marc:controlfield>
    <marc:controlfield tag="003">CaOODSP</marc:controlfield>
    <marc:controlfield tag="005">20210615133442</marc:controlfield>
    <marc:controlfield tag="007">ta</marc:controlfield>
    <marc:controlfield tag="008">150407|2006||||xxc|||||     f|0| 0 fre|d</marc:controlfield>
    <marc:datafield tag="020" ind1=" " ind2=" ">
      <marc:subfield code="a">0-662-71604-3</marc:subfield>
    </marc:datafield>
    <marc:datafield tag="040" ind1=" " ind2=" ">
      <marc:subfield code="a">CaOODSP</marc:subfield>
      <marc:subfield code="b">fre</marc:subfield>
    </marc:datafield>
    <marc:datafield tag="043" ind1=" " ind2=" ">
      <marc:subfield code="a">n-cn---</marc:subfield>
    </marc:datafield>
    <marc:datafield tag="086" ind1="1" ind2=" ">
      <marc:subfield code="a">En84-41/2006F</marc:subfield>
    </marc:datafield>
    <marc:datafield tag="110" ind1="1" ind2=" ">
      <marc:subfield code="a">Canada. </marc:subfield>
      <marc:subfield code="b">Environnement Canada. </marc:subfield>
      <marc:subfield code="b">Service de la protection de l'environnement.</marc:subfield>
    </marc:datafield>
    <marc:datafield tag="245" ind1="1" ind2="0">
      <marc:subfield code="a">Guide relatif aux vérifications des procédés des usines de traitement des eaux usées </marc:subfield>
    </marc:datafield>
    <marc:datafield tag="260" ind1=" " ind2=" ">
      <marc:subfield code="a">Ottawa - Ontario : </marc:subfield>
      <marc:subfield code="b">Environnement Canada. </marc:subfield>
      <marc:subfield code="c">2006.</marc:subfield>
    </marc:datafield>
    <marc:datafield tag="300" ind1=" " ind2=" ">
      <marc:subfield code="a">1 vol. en pagination multiple. : </marc:subfield>
      <marc:subfield code="b">figures, graphiques, références, tableaux ; </marc:subfield>
      <marc:subfield code="c">28 cm.</marc:subfield>
    </marc:datafield>
    <marc:datafield tag="500" ind1=" " ind2=" ">
      <marc:subfield code="a">«Le présent rapport a été préparé pour le ministère ontarien de l'Environnement et de l'Énergie en collaboration avec la Water Environment Association of Ontario et le Fonds d'assainissement du programme Grands Lacs 2000 d'Environnement Canada.»--Verso de la couverture, Avertissement.</marc:subfield>
    </marc:datafield>
    <marc:datafield tag="500" ind1=" " ind2=" ">
      <marc:subfield code="a">«Pour obtenir une copie du document Guide relatif aux vérifications des procédés des usines de traitement des eaux usées, visitez le site web du Fonds de durabilité des Grands Lacs à http://sustainabilityfund.gc.ca/ ou communiquez avec: Gestionnaire, Fonds de durabilité des Grands Lacs, 867 Lakeshore Road, Burlington, Ontario, L7R 4A6, (905) 336-6273.»</marc:subfield>
    </marc:datafield>
    <marc:datafield tag="520" ind1="3" ind2=" ">
      <marc:subfield code="a">Le présent guide décrit les techniques d'évaluation des usines de traitement des eaux usées municipales existantes dont on se sert pour repérer les goulots d'étranglement dans la composante hydraulique et les procédés et pour déterminer la capacité réelle de traitement des installations. Parmi les diverses méthodes d'évaluation et d'optimisation employées, mentionnons la modélisation hydraulique, les essais pour mesurer l'efficacité de transfert de l'oxygène, la collecte de données en ligne, les essais avec traceurs pour évaluer l'efficacité de brassage du digesteur et les essais colorimétriques. Ces outils permettent d'obtenir des données concises relatives à la conception en vue de l'agrandissement des usines de traitement des eaux usées municipales et de combiner des renseignements sur la conception et l'utilisation des procédés qu'on n'obtient pas facilement au moyen des techniques d'évaluation classiques. En conjugaison avec les données sur les méthodes classiques d'exploitation, les résultats servent à déterminer la capacité de traitement des charges futures et, quand les conditions le permettent, de remettre les travaux d'agrandissement à plus tard. Lorsque les résultats démontrent que ces derniers ne peuvent tarder, les renseignements recueillis seront utiles à la conception.</marc:subfield>
    </marc:datafield>
    <marc:datafield tag="563" ind1=" " ind2=" ">
      <marc:subfield code="a">Reliure à spirale</marc:subfield>
    </marc:datafield>
    <marc:datafield tag="590" ind1=" " ind2=" ">
      <marc:subfield code="a">06-17</marc:subfield>
      <marc:subfield code="b">2006-04-28</marc:subfield>
    </marc:datafield>
    <marc:datafield tag="691" ind1="0" ind2="7">
      <marc:subfield code="a">Eaux usées</marc:subfield>
      <marc:subfield code="2">gcpds</marc:subfield>
    </marc:datafield>
    <marc:datafield tag="775" ind1="0" ind2="8">
      <marc:subfield code="t">Guidance manual for sewage treatment plant process audits </marc:subfield>
      <marc:subfield code="w">(CaOODSP)9.650149</marc:subfield>
    </marc:datafield>
  </marc:record>
</marc:collection>
